Score 0/24 Timer 02:00
1 Play Today
Full Name Missing Name % Correct
_____ the RipperJack
96.4%
_____ LenoJay
91.9%
_____ JacksonJanet
87.1%
Billy _____Joel
86.1%
_____ LopezJennifer
83.1%
_____ CarsonJohnny
80.5%
_____ Kennedy OnassisJacqueline
79.1%
_____ Pinkett SmithJada
79.1%
_____ FosterJodie
79.1%
_____ TaylorJames
77.8%
Princess _____Jasmine
74.5%
George _____Jetson
68.9%
Full Name Missing Name % Correct
_____ was a bullfrogJeremiah
67.4%
_____ VoorheesJason
66.2%
_____-Paul SartreJean
64.7%
_____ ClampettJed
61.9%
_____ TandyJessica
59.3%
_____ MarleyJacob
53.3%
Malcolm-_____ WarnerJamal
51%
_____ FarrJamie
48.5%
_____ HaydnJoseph
37.7%
Less Than _____Jake
31.2%
_____ KernJerome
15.9%
_____ JohnsJasper
13%

Today's Daily Dose

Remove Ads.
Support Sporcle.
Get the best of Sporcle when you Go Orange. This ad-free experience offers more features, more stats, and more fun while also helping to support Sporcle. Thank you for becoming a member.

You're not logged in!

Compare scores with friends on all Sporcle quizzes.
OR
Log In

Show Comments

Extras

Top Quizzes Today


Score Distribution

Your Account Isn't Verified!

In order to create a playlist on Sporcle, you need to verify the email address you used during registration. Go to your Sporcle Settings to finish the process.

Report this User

Report this user for behavior that violates our Community Guidelines.

Details: